| 000 | 00711nam a2200229 a 4500 | ||
|---|---|---|---|
| 001 | 13053 | ||
| 003 | BD-JhCC | ||
| 005 | 20230615090610.0 | ||
| 008 | 230615b20192019b ||||| ||a| 00| 0 b d | ||
| 020 | _a9789849371977 | ||
| 035 | _a(BD-JhCC)13053 | ||
| 040 |
_aBD-JhCC _dBD-JhCC |
||
| 041 | _aBengali | ||
| 082 |
_a891.4435 _bNAB 2019 |
||
| 100 | _a নবী, রফিকুন | ||
| 245 |
_aস্মৃতির পথরেখায় / _cরফিকুন নবী |
||
| 260 |
_aঢাকা: _bবেঙ্গল পাবলিকেশন্স _c2019 |
||
| 300 |
_a১৯২ পৃ. : _c২১ সেমি. |
||
| 600 | _aNobi, Rafiqun | ||
| 650 | _aBengali Short story | ||
| 942 |
_2ddc _cBK |
||
| 999 |
_c13053 _d13053 |
||